000 00609nam a2200181Ia 4500
008 090124s9999 xx 000 0 und d
082 _b7714
100 _aढेरे रा.चिं.
245 _a लौकिक आणि अलौकिक
250 _a1
260 _bइंद्रायणी साहित्य प्रकाशन
_c1976
300 _a104
600 _aढेरे रा.चिं.
630 _a लौकिक आणि अलौकिक
700 _aढेरे रा.चिं.
730 _a लौकिक आणि अलौकिक
942 _cBOOK
999 _c84555
_d84555